| 000 | 01405pam a2200361 a 4500 | ||
|---|---|---|---|
| 001 | 3506121 | ||
| 003 | OSt | ||
| 005 | 20211216145250.0 | ||
| 008 | 950824s1998 nyua 001 0 eng | ||
| 010 | _a 95025386 | ||
| 020 | _a9788131510612 | ||
| 038 | _aKhadija | ||
| 040 |
_aDLC _cDLC _dDLC |
||
| 050 | 0 | 0 |
_aTJ1185 _b.K6678 1998 |
| 082 | 0 | 0 |
_a671.35 _220 _bKRA |
| 100 | 1 |
_aKrar, Stephen F. _986765 |
|
| 245 | 1 | 0 |
_aMachine Tool and Manufacturing Technology / _cSteve F. Krar, Mario Rapisarda, Albert F. Check. |
| 260 |
_aAlbany : _bDelmar Publishers, _cc1998. |
||
| 300 |
_axi, 692 p. : _bill. (some col.) ; _c29 cm. |
||
| 500 | _aIncludes index. | ||
| 563 | _aPB | ||
| 650 | 0 |
_aMachining. _986766 |
|
| 650 | 0 |
_aMachine-tools. _986767 |
|
| 650 | 0 |
_aManufactures _xTechnological innovations. _986768 |
|
| 700 | 1 |
_aRapisarda, Mario. _986769 |
|
| 700 | 1 |
_aCheck, Albert F. _986770 |
|
| 856 | 4 | 2 |
_3Publisher description _uhttp://www.loc.gov/catdir/enhancements/fy1214/95025386-d.html |
| 856 | 4 | 1 |
_3Table of contents only _uhttp://www.loc.gov/catdir/enhancements/fy1214/95025386-t.html |
| 856 | 4 | 2 |
_3Contributor biographical information _uhttp://www.loc.gov/catdir/enhancements/fy1302/95025386-b.html |
| 906 |
_a7 _bcbc _corignew _d1 _eocip _f19 _gy-gencatlg |
||
| 942 |
_2ddc _cBK |
||
| 999 |
_c31995 _d31995 |
||